Mergers and Acquisitions (Record no. 1823)

MARC details
000 -LEADER
fixed length control field 00432nam a22001697a 4500
005 - DATE AND TIME OF LATEST TRANSACTION
control field 20180720105540.0
008 - FIXED-LENGTH DATA ELEMENTS--GENERAL INFORMATION
fixed length control field 160526b xxu||||| |||| 00| 0 eng d
020 ## - INTERNATIONAL STANDARD BOOK NUMBER
ISBN 0-07-049455-X
041 ## - LANGUAGE CODE
Language code of text/sound track or separate title eng
082 ## - DEWEY DECIMAL CLASSIFICATION NUMBER
Item number 5195
Classification number 658.162
100 ## - MAIN ENTRY--AUTHOR NAME
Personal name Weston, J. Fred and Others
245 ## - TITLE STATEMENT
Title Mergers and Acquisitions
260 ## - PUBLICATION, DISTRIBUTION, ETC. (IMPRINT)
Place of publication New Delhi
Name of publisher Academic Faundation
Year of publication 2002
300 ## - PHYSICAL DESCRIPTION
Number of Pages 255p,
650 ## - SUBJECT ADDED ENTRY--TOPICAL TERM
Topical Term Management
942 ## - ADDED ENTRY ELEMENTS (KOHA)
Koha item type Books
Holdings
Lost status Damaged status Collection code Home library Current library Shelving location Date acquired Cost, normal purchase price Full call number Accession Number Koha item type
    MANAGEMENT JRU Library JRU Library SHELF-71-N 26/05/2016 295.00 658.162 5195 Books
    MANAGEMENT JRU Library JRU Library SHELF-71-N 26/05/2016 295.00 658.162 5196 Books
    MANAGEMENT JRU Library JRU Library SHELF-71-N 26/05/2016 295.00 658.162 5197 Books